Т. 37, вып. 4; Математические заметки

Chi tiết về thư mục
Parent link:Математические заметки: научный журнал/ Академия наук СССР (АН СССР). Т. 37, вып. 4.— , 1972-1991.— 0025-567X
Ngôn ngữ:Tiếng Nga
Được phát hành: 1985
Định dạng: Sách
KOHA link:https://koha.lib.tpu.ru/cgi-bin/koha/opac-detail.pl?biblionumber=505196

MARC

LEADER 00000nam2a2200000 4500
001 505196
005 20231101102941.0
035 |a (RuTPU)RU\TPU\prd\176013 
035 |a RU\TPU\prd\176011 
090 |a 505196 
100 |a 20130418a19859999k y0rusy50 ca 
101 0 |a rus 
102 |a RU 
200 0 |a Т. 37, вып. 4 
210 |d 1985 
461 1 |0 (RuTPU)RU\TPU\prd\826  |x 0025-567X  |t Математические заметки  |o научный журнал  |f Академия наук СССР (АН СССР)  |v Т. 37, вып. 4  |d 1972-1991 
801 0 |a RU  |b 63413507  |c 20010227  |g PSBO 
801 1 |a RU  |b 63413507  |c 20130418 
801 2 |a RU  |b 63413507  |c 20130418  |g RCR 
942 |c BK 
999 |a НТБ_ТПУ  |b НФ  |e -4/20130109  |p П-6205  |u 0,00  |v 1